[Event "16. Torneo San Viator - Grupo B"]
[Site "Madrid ESP"]
[Date "2016.04.17"]
[Round "3.13"]
[White "Jimenez Perez, Federico"]
[Black "Yaniz Lana, Francisco Javier"]
[Result "0-1"]
[WhiteElo "1358"]
[BlackElo "1575"]
[PlyCount "84"]
[EventDate "2016.04.03"]
[EventType "swiss"]
[EventRounds "9"]
[EventCountry "ESP"]
[Source "lmi"]
[SourceDate "2016.04.03"]

1. e4 c5 2. Nc3 Nc6 3. Bb5 g6 4. Bxc6 dxc6 5. d3 Bg7 6. f4 Nf6 7. Nf3 O-O 8.
O-O Bg4 9. h3 Bxf3 10. Qxf3 e6 11. Be3 Nd7 12. e5 f6 13. Qg3 fxe5 14. fxe5 Bxe5
15. Qg4 Rf5 16. Ne4 Bxb2 17. Rab1 Bd4 18. Bxd4 cxd4 19. Nd6 Nf6 20. Qxd4 c5 21.
Nxf5 cxd4 22. Nh6+ Kg7 23. Ng4 Nxg4 24. Rxb7+ Kh6 25. hxg4 Qg5 26. Rf3 Qc1+ 27.
Kh2 Qxc2 28. Rh3+ Kg5 29. Rb5+ e5 30. Rxe5+ Kf6 31. Rd5 Qc7+ 32. Kg1 Re8 33.
g5+ Kg7 34. Rf3 Re3 35. Rf1 Rxd3 36. Re1 Re3 37. Rd1 d3 38. a4 Qc6 39. Ra5 Qb6
40. Rb5 Re1+ 41. Kh2 Qc7+ 42. Kh3 Re3+ 0-1

[Event "16. Torneo San Viator - Grupo B"]
[Site "Madrid ESP"]
[Date "2016.04.17"]
[Round "3.15"]
[White "Santos Burkholz, Mario"]
[Black "Lopez Nunez, Alonso"]
[Result "1-0"]
[WhiteElo "1526"]
[BlackElo "1304"]
[PlyCount "92"]
[EventDate "2016.04.03"]
[EventType "swiss"]
[EventRounds "9"]
[EventCountry "ESP"]
[Source "lmi"]
[SourceDate "2016.04.03"]

1. e4 e6 2. e5 d6 3. exd6 Bxd6 4. d4 Nf6 5. Bg5 O-O 6. Nd2 Nbd7 7. Bd3 e5 8.
Ngf3 exd4 9. Nxd4 c5 10. N4f3 Re8+ 11. Be2 Qe7 12. Nc4 Bc7 13. Ne3 Qd6 14. Qxd6
Bxd6 15. O-O-O Bf8 16. Bb5 a6 17. Bxd7 Nxd7 18. Nd5 Bd6 19. Rhe1 Rxe1 20. Rxe1
f6 21. Bh4 b5 22. Re6 Be5 23. Re8+ Kf7 24. Re7+ Kf8 25. Nxe5 Nxe5 26. Bg3 Ng6
27. Re1 Bb7 28. Nc7 Rc8 29. f3 Kf7 30. Rd1 Ne5 31. Bxe5 fxe5 32. Rd7+ Kf6 33.
Nxa6 Bxa6 34. Rd6+ Ke7 35. Rxa6 Rd8 36. Ra7+ Kf6 37. Ra5 Rb8 38. Ra3 b4 39. Rd3
Ke6 40. Re3 Rb7 41. f4 Rf7 42. Rxe5+ Kd6 43. g3 g6 44. Re3 Kd5 45. c3 bxc3 46.
Rxc3 Re7 1-0

[Event "16. Torneo San Viator - Grupo B"]
[Site "Madrid ESP"]
[Date "2016.04.17"]
[Round "3.16"]
[White "Cortijo Manso, Luis"]
[Black "Giron Herranz, Juan"]
[Result "1/2-1/2"]
[WhiteElo "1504"]
[BlackElo "1163"]
[PlyCount "101"]
[EventDate "2016.04.03"]
[EventType "swiss"]
[EventRounds "9"]
[EventCountry "ESP"]
[Source "lmi"]
[SourceDate "2016.04.03"]

1. Nf3 Nf6 2. c4 Nc6 3. g3 e5 4. d3 Bc5 5. Bg2 d6 6. O-O O-O 7. Nc3 Rb8 8. e3
Bg4 9. Qc2 Qd7 10. Re1 h6 11. a3 a6 12. Nd5 Nxd5 13. cxd5 Ne7 14. e4 c6 15.
dxc6 Nxc6 16. b4 Bd4 17. Bb2 Bxb2 18. Qxb2 Bxf3 19. Bxf3 Nd4 20. Bg2 Rbc8 21.
Rac1 Qg4 22. Rxc8 Rxc8 23. Rf1 Nf3+ 24. Kh1 Nd4 25. Qd2 Rc2 26. Qe3 Qe2 27.
Qxe2 Rxe2 28. Kg1 Ra2 29. f4 exf4 30. gxf4 Rxa3 31. e5 dxe5 32. fxe5 Rxd3 33.
Bxb7 Rb3 34. Bxa6 Nf3+ 35. Kg2 Nxe5 36. Re1 Nd3 37. Re8+ Kh7 38. Rb8 Nxb4 39.
Bc4 Rb2+ 40. Kg3 f6 41. h4 Kg6 42. Rb7 Rb1 43. Bd3+ Nxd3 44. Rxb1 Kh5 45. Rb5+
Ne5 46. Rb7 g6 47. Rb5 g5 48. hxg5 hxg5 49. Rb6 Kg6 50. Ra6 Kf5 51. Rb6 1/2-1/2

[Event "16. Torneo San Viator - Grupo B"]
[Site "Madrid ESP"]
[Date "2016.04.17"]
[Round "3.18"]
[White "Gonzalez Morente, Jose A"]
[Black "Chislia, Mihai"]
[Result "0-1"]
[WhiteElo "1463"]
[BlackElo "1683"]
[PlyCount "98"]
[EventDate "2016.04.03"]
[EventType "swiss"]
[EventRounds "9"]
[EventCountry "ESP"]
[Source "lmi"]
[SourceDate "2016.04.03"]

1. d4 Nf6 2. c4 c5 3. d5 b5 4. e3 g6 5. Bd3 Bg7 6. Ne2 O-O 7. O-O Bb7 8. Nd2 d6
9. Rb1 bxc4 10. Bxc4 Bxd5 11. b3 Nc6 12. Bxd5 Nxd5 13. Bb2 Nf6 14. Ng3 Nb4 15.
a3 Nc6 16. Nde4 Nxe4 17. Nxe4 Bxb2 18. Rxb2 Rb8 19. Qd2 Qa5 20. Qxa5 Nxa5 21.
b4 cxb4 22. axb4 Nc6 23. b5 Rb6 24. Nc3 a6 25. Rfb1 axb5 26. Nd5 Rb7 27. Rxb5
Rxb5 28. Rxb5 e6 29. Nc3 Ra8 30. f3 Ra3 31. Ne4 d5 32. Nd6 Rxe3 33. Rb6 Ne5 34.
Rb8+ Kg7 35. Kf2 Rc3 36. Kg3 h5 37. Kf4 Nc4 38. Ne8+ Kh6 39. Nf6 g5+ 40. Kg3
Kg6 41. Nd7 Nd6 42. Rg8+ Kf5 43. Kf2 Rc2+ 44. Kf1 Kf4 45. Nf6 Ke3 46. g3 Kxf3
47. Ke1 Ne4 48. Nxe4 Kxe4 49. Rxg5 Rxh2 0-1

[Event "16. Torneo San Viator - Grupo B"]
[Site "Madrid ESP"]
[Date "2016.04.17"]
[Round "3.19"]
[White "Benitez Cadenas, Luis Miguel"]
[Black "Lopez Valenciano, Rafael"]
[Result "1-0"]
[WhiteElo "1663"]
[BlackElo "1505"]
[PlyCount "100"]
[EventDate "2016.04.03"]
[EventType "swiss"]
[EventRounds "9"]
[EventCountry "ESP"]
[Source "lmi"]
[SourceDate "2016.04.03"]

1. d4 Nf6 2. c4 c5 3. d5 b5 4. cxb5 a6 5. bxa6 g6 6. Nc3 Bxa6 7. e4 Bxf1 8.
Kxf1 d6 9. Nf3 Bg7 10. Rb1 O-O 11. g3 Qb6 12. Nd2 Nfd7 13. Nc4 Qa6 14. Qe2 Bxc3
15. bxc3 Qxa2 16. Rb2 Qa1 17. Kg2 Qa6 18. Bh6 Re8 19. Rhb1 Nf6 20. Rb5 Qa4 21.
Nb6 Qa6 22. Nxa8 Qxa8 23. f3 Nbd7 24. Qb2 e6 25. Ra1 Qd8 26. c4 exd5 27. cxd5
Qe7 28. Ra7 Qe5 29. Qxe5 Nxe5 30. Rbb7 Rc8 31. Bf4 Ned7 32. Bg5 c4 33. Bxf6
Nxf6 34. Rc7 Rxc7 35. Rxc7 Ne8 36. Rxc4 Kf8 37. f4 f6 38. Rb4 h5 39. Kh3 Kg7
40. Rb7+ Kg8 41. g4 hxg4+ 42. Kxg4 Kf8 43. h4 Ng7 44. Rxg7 Kxg7 45. f5 g5 46.
hxg5 Kf7 47. g6+ Kg7 48. Kh5 Kh8 49. Kh6 Kg8 50. g7 Kf7 1-0

[Event "16. Torneo San Viator - Grupo B"]
[Site "Madrid ESP"]
[Date "2016.04.17"]
[Round "3.21"]
[White "Raya Rodriguez, Juan"]
[Black "Jimenez Gallego, Rafael"]
[Result "1-0"]
[WhiteElo "1649"]
[BlackElo "1446"]
[PlyCount "71"]
[EventDate "2016.04.03"]
[EventType "swiss"]
[EventRounds "9"]
[EventCountry "ESP"]
[Source "lmi"]
[SourceDate "2016.04.03"]

1. d4 d5 2. c4 dxc4 3. Nf3 e6 4. g3 Bd7 5. Bg2 c6 6. O-O Nf6 7. Nbd2 b5 8. a4
bxa4 9. Rxa4 Be7 10. Ne5 Nd5 11. Ndxc4 O-O 12. Qb3 f6 13. Nxd7 Nxd7 14. Qb7 Qc7
15. Qxc7 Nxc7 16. Bxc6 Rad8 17. Rxa7 Nb8 18. Rxc7 Nxc6 19. Rxc6 Rxd4 20. Be3
Rdd8 21. Rxe6 Rfe8 22. Ra1 Kf7 23. Rb6 Rb8 24. Rxb8 Rxb8 25. Ra7 Ke6 26. Bd4
Rc8 27. Ne3 Rd8 28. Bc3 g5 29. Ra6+ Kf7 30. Nf5 Rd7 31. Nxe7 Rxe7 32. Rxf6+ Kg8
33. e3 Rd7 34. Bd4 Rc7 35. b4 Rb7 36. Rb6 1-0

[Event "16. Torneo San Viator - Grupo B"]
[Site "Madrid ESP"]
[Date "2016.04.17"]
[Round "3.22"]
[White "Correas Aguilera, Eufemio"]
[Black "Comeron Galan, Ruben"]
[Result "1-0"]
[WhiteElo "1639"]
[BlackElo "1436"]
[PlyCount "129"]
[EventDate "2016.04.03"]
[EventType "swiss"]
[EventRounds "9"]
[EventCountry "ESP"]
[Source "lmi"]
[SourceDate "2016.04.03"]

1. Nf3 Nf6 2. c4 e6 3. g3 d5 4. d4 Be7 5. Bg2 O-O 6. O-O c5 7. Bf4 Nc6 8. cxd5
Nxd5 9. Qd2 Nxf4 10. Qxf4 Nxd4 11. Nxd4 Qxd4 12. Qxd4 cxd4 13. Nd2 f6 14. Nb3
e5 15. Rfc1 Rb8 16. h3 Bd6 17. Na5 Rf7 18. Bd5 Bxh3 19. Bxf7+ Kxf7 20. Nc4 Ke7
21. Nxd6 Kxd6 22. f3 Be6 23. Rc2 Rc8 24. Rxc8 Bxc8 25. Rc1 Be6 26. a3 f5 27.
Kf2 h5 28. Ke1 Bd7 29. Kd2 Bc6 30. Rc4 Kd5 31. Rc1 e4 32. fxe4+ Kxe4 33. Rc4 f4
34. gxf4 Kxf4 35. Rxd4+ Kg3 36. Ke1 g5 37. Kf1 h4 38. Kg1 g4 39. e4 h3 40. Rd3+
Kf4 41. Kh2 Bxe4 42. Rc3 Ke5 43. Kg3 Bf3 44. Rc7 Bc6 45. Rg7 Bf3 46. Rc7 Kd6
47. Rc4 b5 48. Rc1 a5 49. Rc2 Kd5 50. Rc1 Kd4 51. Rc3 b4 52. axb4 axb4 53. Rc7
Ke3 54. Rc4 Ke2 55. Rxb4 Kf1 56. Rc4 Ke2 57. b4 Kd3 58. Rc7 Kd4 59. b5 Ke3 60.
b6 h2 61. Kxh2 Kf2 62. Rc2+ Ke3 63. Kg1 Kd4 64. Rc7 Ke5 65. b7 1-0

[Event "16. Torneo San Viator - Grupo B"]
[Site "Madrid ESP"]
[Date "2016.04.17"]
[Round "3.23"]
[White "Fernandez Garcia, Emilio"]
[Black "Espinosa Palacios, Victoriano"]
[Result "1/2-1/2"]
[WhiteElo "1624"]
[BlackElo "1436"]
[PlyCount "60"]
[EventDate "2016.04.03"]
[EventType "swiss"]
[EventRounds "9"]
[EventCountry "ESP"]
[Source "lmi"]
[SourceDate "2016.04.03"]

1. d4 Nf6 2. Bg5 e6 3. e4 Be7 4. Nc3 Nxe4 5. Bxe7 Nxc3 6. Bxd8 Nxd1 7. Bxc7
Nxb2 8. d5 exd5 9. Be5 Nc4 10. Bxg7 Rg8 11. Bc3 Nc6 12. Nf3 d6 13. Rd1 Be6 14.
Bf6 Nb4 15. Bxc4 dxc4 16. O-O d5 17. Nd4 Bh3 18. Rfe1+ Kd7 19. Re7+ Kd6 20. g3
Be6 21. Rxb7 Rgb8 22. Rxb8 Rxb8 23. Rb1 Rb6 24. Nxe6 fxe6 25. Bd4 Rb7 26. a3
Nxc2 27. Rxb7 Nxd4 28. Kf1 c3 29. Ke1 Nf3+ 30. Kd1 d4 1/2-1/2

[Event "16. Torneo San Viator - Grupo B"]
[Site "Madrid ESP"]
[Date "2016.04.17"]
[Round "3.24"]
[White "Caravantes Camacho, Fernando"]
[Black "Bermejo Jimenez, Adolfo"]
[Result "1-0"]
[WhiteElo "1621"]
[BlackElo "1387"]
[PlyCount "69"]
[EventDate "2016.04.03"]
[EventType "swiss"]
[EventRounds "9"]
[EventCountry "ESP"]
[Source "lmi"]
[SourceDate "2016.04.03"]

1. e4 e5 2. Nf3 Nc6 3. Bc4 Be7 4. O-O Nf6 5. Nc3 O-O 6. d4 exd4 7. Nxd4 Ne5 8.
Be2 d5 9. f4 Nc6 10. Nxc6 bxc6 11. e5 Ne4 12. Nxe4 dxe4 13. Be3 f5 14. Bc4+ Kh8
15. Qh5 Qe8 16. Qe2 Bb4 17. c3 Ba5 18. b4 Bb6 19. a4 Be6 20. Bxe6 Qxe6 21. a5
Bxe3+ 22. Qxe3 Qc4 23. Qd4 Qd5 24. Rfd1 Rfd8 25. Qxd5 cxd5 26. Kf2 a6 27. Rd2
c6 28. Rad1 Ra7 29. c4 Rb7 30. cxd5 Rxb4 31. dxc6 Rxd2+ 32. Rxd2 h6 33. c7 Rb3
34. Rc2 e3+ 35. Ke2 1-0

[Event "16. Torneo San Viator - Grupo B"]
[Site "Madrid ESP"]
[Date "2016.04.17"]
[Round "3.25"]
[White "Tudela Garcia, Antonio"]
[Black "Aranda Alcocer, Aurelio"]
[Result "1-0"]
[WhiteElo "1616"]
[BlackElo "1375"]
[PlyCount "47"]
[EventDate "2016.04.03"]
[EventType "swiss"]
[EventRounds "9"]
[EventCountry "ESP"]
[Source "lmi"]
[SourceDate "2016.04.03"]

1. e4 Nf6 2. e5 Nd5 3. c4 Nb6 4. c5 Nd5 5. Bc4 e6 6. d4 b6 7. Bxd5 exd5 8. cxb6
axb6 9. Ne2 d6 10. f4 Qh4+ 11. Ng3 Ba6 12. Nc3 c6 13. Be3 dxe5 14. dxe5 Bc5 15.
Qd2 Bxe3 16. Qxe3 Qd8 17. Nf5 O-O 18. O-O-O Re8 19. Qg3 g6 20. Ne4 Nd7 21. Ned6
Nf8 22. Nh6+ Kg7 23. Nhf5+ Kh8 24. Nxf7+ 1-0

[Event "16. Torneo San Viator - Grupo B"]
[Site "Madrid ESP"]
[Date "2016.04.17"]
[Round "3.26"]
[White "Arias Cusio, Oscar"]
[Black "Del Rio Garay, Felipe"]
[Result "1-0"]
[WhiteElo "1611"]
[BlackElo "1339"]
[PlyCount "71"]
[EventDate "2016.04.03"]
[EventType "swiss"]
[EventRounds "9"]
[EventCountry "ESP"]
[Source "lmi"]
[SourceDate "2016.04.03"]

1. e4 e6 2. Bc4 d5 3. exd5 exd5 4. Bb3 Nc6 5. Ne2 Nf6 6. d3 Bg4 7. c3 Bd6 8.
Bg5 O-O 9. Nd2 Re8 10. f3 Bf5 11. O-O Bxd3 12. Re1 Bc5+ 13. Kh1 Bf2 14. Nf1
Bxe1 15. Qxd3 Bf2 16. Rd1 Re5 17. Bf4 Re6 18. Bd2 Qe7 19. Nf4 Re5 20. Nh3 Be1
21. Be3 Bh4 22. g3 Bxg3 23. hxg3 Nh5 24. Kg2 Rd8 25. Bc2 g6 26. f4 Re4 27. Ng5
f5 28. Bb3 Nf6 29. Nxe4 fxe4 30. Qb5 Qd7 31. Qxb7 Kf8 32. Ba4 Qg4 33. Qxc6 Qf3+
34. Kg1 Ng4 35. Bc5+ Kf7 36. Qxc7+ 1-0

[Event "16. Torneo San Viator - Grupo B"]
[Site "Madrid ESP"]
[Date "2016.04.17"]
[Round "3.27"]
[White "Garcia Chica, Eva Maria"]
[Black "Loncomilla Sanhueza, Ernesto"]
[Result "0-1"]
[WhiteElo "1418"]
[BlackElo "1587"]
[PlyCount "64"]
[EventDate "2016.04.03"]
[EventType "swiss"]
[EventRounds "9"]
[EventCountry "ESP"]
[Source "lmi"]
[SourceDate "2016.04.03"]

1. e4 e5 2. Nf3 Nc6 3. Bc4 Bc5 4. c3 d6 5. d4 exd4 6. cxd4 Bb4+ 7. Kf1 Nf6 8.
d5 Ne5 9. Nxe5 dxe5 10. Qa4+ Bd7 11. Qxb4 Nxe4 12. Qe1 f5 13. f3 O-O 14. Nd2
Nd6 15. Qxe5 Qh4 16. Qe1 Qd4 17. Qf2 Qf6 18. Rb1 Rae8 19. b3 Qc3 20. Bb2 Qc2
21. Qg3 Re7 22. Qf2 Rfe8 23. Qd4 b5 24. Qd3 Nxc4 25. Qxc2 Ne3+ 26. Kf2 Nxc2 27.
Rbc1 Re2+ 28. Kg3 Rxd2 29. Bc3 Rde2 30. Rhd1 Ne3 31. Rd3 Rxg2+ 32. Kf4 g5# 0-1

[Event "16. Torneo San Viator - Grupo B"]
[Site "Madrid ESP"]
[Date "2016.04.17"]
[Round "3.28"]
[White "Di Pietro Moreno, Fatima"]
[Black "Lopez Martin, Israel"]
[Result "1-0"]
[WhiteElo "1403"]
[BlackElo "1583"]
[PlyCount "131"]
[EventDate "2016.04.03"]
[EventType "swiss"]
[EventRounds "9"]
[EventCountry "ESP"]
[Source "lmi"]
[SourceDate "2016.04.03"]

1. d4 d5 2. Bf4 Nf6 3. e3 Nc6 4. c3 e6 5. Bd3 Be7 6. h3 O-O 7. Nf3 Bd7 8. Nbd2
Re8 9. Ne5 Bd6 10. g4 Ne4 11. Nxe4 dxe4 12. Bxe4 f6 13. Nf3 Bxf4 14. exf4 f5
15. Bd3 Ne7 16. Ne5 g6 17. Qd2 Nc6 18. Nxd7 Qxd7 19. O-O-O Qd5 20. Kb1 a5 21.
gxf5 exf5 22. Bc2 a4 23. h4 Qf3 24. Bd3 a3 25. Bc4+ Kf8 26. d5 Na5 27. Bb5 Qe4+
28. Kc1 axb2+ 29. Qxb2 Qxf4+ 30. Kb1 c6 31. dxc6 Nxc6 32. c4 Qe4+ 33. Kc1 Rad8
34. Qf6+ Kg8 35. Bxc6 Rxd1+ 36. Rxd1 bxc6 37. Qd4 Qxd4 38. Rxd4 Re2 39. Rd2 Re4
40. Rc2 Rxh4 41. Kb2 Rh1 42. a4 Re1 43. Kb3 c5 44. a5 Re6 45. Ra2 Kf8 46. Ka4
Ke8 47. Kb5 Kd7 48. a6 Kc7 49. a7 Rb6+ 50. Kxc5 Rc6+ 51. Kb5 Rb6+ 52. Kc5 Rc6+
53. Kd5 Rd6+ 54. Ke5 Rd8 55. a8=Q Rxa8 56. Rxa8 Kc6 57. Rh8 h5 58. Rh6 Kc5 59.
Rxg6 Kxc4 60. Kxf5 Kd3 61. Rh6 Ke2 62. f4 Kf3 63. Rxh5 Kg3 64. Rh8 Kf3 65. Rf8
Kg3 66. Kg5 1-0

[Event "16. Torneo San Viator - Grupo B"]
[Site "Madrid ESP"]
[Date "2016.04.17"]
[Round "3.29"]
[White "Martin Rodriguez, Jose Luis"]
[Black "Gortazar Rubial, Javier Maria"]
[Result "0-1"]
[WhiteElo "1353"]
[BlackElo "1582"]
[PlyCount "73"]
[EventDate "2016.04.03"]
[EventType "swiss"]
[EventRounds "9"]
[EventCountry "ESP"]
[Source "lmi"]
[SourceDate "2016.04.03"]

1. d4 d5 2. Bf4 Nf6 3. e3 e6 4. Nf3 c5 5. c3 Nc6 6. Bd3 Bd6 7. Bg3 O-O 8. Nbd2
c4 9. Bc2 Qc7 10. e4 Bxg3 11. hxg3 Nxe4 12. Nxe4 dxe4 13. Bxe4 h6 14. Ng5 f6
15. Qh5 fxg5 16. Qg6 Rf6 17. Qh7+ Kf7 18. Ke2 Qd8 19. f4 gxf4 20. Raf1 Ne7 21.
Rh4 Qg8 22. Rhxf4 Qxh7 23. Bxh7 Nd5 24. Rxf6+ gxf6 25. Bc2 Bd7 26. Rh1 Kg7 27.
Kf3 Be8 28. g4 Bg6 29. Ba4 Be8 30. Bc2 b5 31. a3 Bg6 32. Bd1 a5 33. g3 b4 34.
Be2 bxc3 35. Bxc4 cxb2 36. Ba2 Nc3 37. Re1 0-1

[Event "16. Torneo San Viator - Grupo B"]
[Site "Madrid ESP"]
[Date "2016.04.17"]
[Round "3.32"]
[White "Garcia Rojas, Juan Carlos"]
[Black "Trapero Bueno, Vicente"]
[Result "1-0"]
[WhiteElo "1521"]
[BlackElo "1231"]
[PlyCount "77"]
[EventDate "2016.04.03"]
[EventType "swiss"]
[EventRounds "9"]
[EventCountry "ESP"]
[Source "lmi"]
[SourceDate "2016.04.03"]

1. e4 e6 2. d4 d5 3. e5 c5 4. c3 Nc6 5. Nf3 Qb6 6. Qb3 cxd4 7. Qxb6 axb6 8.
cxd4 Nb4 9. Bb5+ Bd7 10. Bxd7+ Kxd7 11. Kd2 Rxa2 12. Rxa2 Nxa2 13. Ke2 Nh6 14.
Nc3 Nb4 15. Bd2 Nf5 16. Rc1 Be7 17. Na4 Bd8 18. Bxb4 b5 19. Nc5+ Ke7 20. Nxb7+
Kd7 21. Nd6 Bb6 22. Nxf5 exf5 23. Kd3 h6 24. Rc2 Rc8 25. Rxc8 Kxc8 26. Bf8 g5
27. Bxh6 g4 28. Nh4 Ba5 29. Nxf5 Be1 30. Be3 Kd7 31. Nh6 Ke6 32. Nxg4 Bb4 33.
f3 Be7 34. g3 f6 35. h4 f5 36. Nh6 Bf8 37. g4 Bxh6 38. Bxh6 fxg4 39. fxg4 1-0

[Event "16. Torneo San Viator - Grupo B"]
[Site "Madrid ESP"]
[Date "2016.04.17"]
[Round "3.36"]
[White "Del Noval Nemeshazi, Mario"]
[Black "Algaba Traspuesto, Jose Antonio"]
[Result "0-1"]
[WhiteElo "1307"]
[BlackElo "1633"]
[PlyCount "54"]
[EventDate "2016.04.03"]
[EventType "swiss"]
[EventRounds "9"]
[EventCountry "ESP"]
[Source "lmi"]
[SourceDate "2016.04.03"]

1. e4 d5 2. exd5 Nf6 3. Nc3 Nxd5 4. Bc4 Nb6 5. Bb3 Nc6 6. Nf3 Bf5 7. O-O e6 8.
d3 Be7 9. Bf4 Na5 10. Nb5 Rc8 11. Nxa7 Nxb3 12. axb3 Ra8 13. Nb5 Rxa1 14. Nxc7+
Qxc7 15. Bxc7 Rxd1 16. Rxd1 Nd5 17. Bg3 O-O 18. Nd2 Nb4 19. Nc4 Nxc2 20. Bd6
Re8 21. Bxe7 Rxe7 22. Nd6 Nd4 23. Ra1 h6 24. Ra8+ Kh7 25. Rb8 Bxd3 26. Nxb7 Rc7
27. Na5 Rc1# 0-1

[Event "16. Torneo San Viator - Grupo B"]
[Site "Madrid ESP"]
[Date "2016.04.17"]
[Round "3.41"]
[White "Rojo Jorge, Angel"]
[Black "Cuesta Moscoso, Alvaro"]
[Result "1-0"]
[WhiteElo "1439"]
[BlackElo "1148"]
[PlyCount "81"]
[EventDate "2016.04.03"]
[EventType "swiss"]
[EventRounds "9"]
[EventCountry "ESP"]
[Source "lmi"]
[SourceDate "2016.04.03"]

1. Nf3 d5 2. c4 c6 3. g3 Nf6 4. Bg2 Bf5 5. b3 h6 6. Bb2 e6 7. O-O Be7 8. d3 a5
9. Nc3 Na6 10. Re1 O-O 11. e4 dxe4 12. dxe4 Bh7 13. e5 Nd7 14. Ne4 Qc7 15. Nd6
Rad8 16. Qd4 Nb6 17. Rad1 Nc8 18. Ba3 c5 19. Qe3 Bxd6 20. exd6 Rxd6 21. Rxd6
Qxd6 22. Ne5 Qc7 23. Rd1 Nb8 24. Bxc5 Rd8 25. Rxd8+ Qxd8 26. Bxb7 Bf5 27. Qd4
Qg5 28. f4 Qf6 29. Bxc8 Kh7 30. Ba7 Nc6 31. Nxc6 Qxd4+ 32. Bxd4 g5 33. Nxa5 Kg8
34. b4 gxf4 35. gxf4 Kf8 36. b5 Ke8 37. b6 Kd8 38. b7 Kc7 39. Be5+ Kb6 40.
b8=Q+ Kxa5 41. Qb5# 1-0

[Event "16. Torneo San Viator - Grupo B"]
[Site "Madrid ESP"]
[Date "2016.04.17"]
[Round "3.44"]
[White "San Felipe Gonzalez, Tomas"]
[Black "Jimenez Sanchez, Juan Daniel"]
[Result "1-0"]
[WhiteElo "1723"]
[BlackElo "1322"]
[PlyCount "47"]
[EventDate "2016.04.03"]
[EventType "swiss"]
[EventRounds "9"]
[EventCountry "ESP"]
[Source "lmi"]
[SourceDate "2016.04.03"]

1. c4 e6 2. Nc3 Nf6 3. g3 Bb4 4. Bg2 d5 5. cxd5 exd5 6. Qb3 Bxc3 7. bxc3 O-O 8.
e3 b6 9. Ne2 Ba6 10. a4 c6 11. Qc2 Re8 12. d3 Nbd7 13. c4 dxc4 14. dxc4 Rc8 15.
Bb2 Ne5 16. Bxe5 Rxe5 17. O-O Rc5 18. Rfd1 Qe7 19. Rd4 b5 20. axb5 Bxb5 21. Nf4
Qc7 22. Nd3 Qb6 23. Nxc5 Qxc5 24. Qa2 1-0

[Event "16. Torneo San Viator - Grupo B"]
[Site "Madrid ESP"]
[Date "2016.04.17"]
[Round "3.45"]
[White "Mora Gonzalez-Rojas, Francisco"]
[Black "Barrios Cardona, Jose"]
[Result "1-0"]
[WhiteElo "1253"]
[BlackElo "1493"]
[PlyCount "163"]
[EventDate "2016.04.03"]
[EventType "swiss"]
[EventRounds "9"]
[EventCountry "ESP"]
[Source "lmi"]
[SourceDate "2016.04.03"]

1. e4 e5 2. Nf3 Nc6 3. Bc4 Nf6 4. Ng5 d5 5. exd5 Nd4 6. Nc3 Qe7 7. O-O Bg4 8.
Nf3 Qd6 9. Re1 Be7 10. Ne4 Nxe4 11. Rxe4 Bxf3 12. gxf3 Qf6 13. Re3 O-O-O 14. d3
Bd6 15. c3 Nf5 16. Re1 Nh4 17. Re3 Qg6+ 18. Kf1 Qg2+ 19. Ke2 Rhe8 20. Bd2 Bc5
21. Qg1 Bxe3 22. Qxg2 Nxg2 23. fxe3 g6 24. Rg1 Nh4 25. e4 f5 26. Bg5 Nxf3 27.
Kxf3 Rd6 28. h4 c6 29. Be3 f4 30. Bxa7 Kc7 31. Bc5 Rd7 32. d6+ Kc8 33. Rg5 b6
34. Bxb6 Rxd6 35. Bc5 Rf6 36. a4 h6 37. Rg1 Kb7 38. a5 h5 39. a6+ Kc7 40. Ra1
Ra8 41. a7 g5 42. hxg5 Rg6 43. Be7 Kd7 44. Bf6 Kd6 45. Rh1 Rxa7 46. Rxh5 Ra1
47. Rh6 Rxh6 48. gxh6 Rh1 49. Bg7 Rh3+ 50. Kg4 Rg3+ 51. Kf5 f3 52. d4 exd4 53.
cxd4 f2 54. h7 Rf3+ 55. Kg6 Rg3+ 56. Kf7 Rg1 57. h8=Q f1=Q+ 58. Bxf1 Rxf1+ 59.
Kg8 Ke7 60. Qh4+ Ke8 61. Qh5+ Ke7 62. Qe5+ Kd7 63. Bf8 Rg1+ 64. Bg7 Rf1 65. Qa5
Ke7 66. Qa7+ Ke8 67. Qb8+ Kd7 68. e5 Ke6 69. Qd6+ Kf5 70. Qf6+ Ke4 71. Qxf1
Kxd4 72. Qd1+ Ke4 73. e6 c5 74. Qc2+ Kf4 75. Bh6+ Kg3 76. Qc3+ Kg4 77. Qc4+ Kh5
78. Bf4 Kg6 79. Qe4+ Kh5 80. Qf5+ Kh4 81. Qg5+ Kh3 82. Qg3# 1-0

[Event "16. Torneo San Viator - Grupo B"]
[Site "Madrid ESP"]
[Date "2016.04.17"]
[Round "3.46"]
[White "Torrecillas Adan, Luis"]
[Black "Duma, Mihaela"]
[Result "1-0"]
[WhiteElo "1474"]
[BlackElo "1037"]
[PlyCount "61"]
[EventDate "2016.04.03"]
[EventType "swiss"]
[EventRounds "9"]
[EventCountry "ESP"]
[Source "lmi"]
[SourceDate "2016.04.03"]

1. e4 e5 2. Nf3 Nc6 3. Bc4 Nf6 4. d3 d5 5. exd5 Nxd5 6. O-O b5 7. Bxb5 Qd6 8.
Nxe5 Bd7 9. Nxd7 Qxd7 10. Re1+ Be7 11. Nc3 O-O 12. Qf3 Rfe8 13. Nxd5 Rab8 14.
Nc3 Rb6 15. Be3 Bc5 16. Bxc5 Rxe1+ 17. Rxe1 Rb8 18. Bxc6 Qd8 19. Re8+ Qxe8 20.
Bxe8 Rxe8 21. Ne4 f6 22. h3 Kf7 23. Qg3 g5 24. Qxc7+ Kg6 25. g4 h5 26. gxh5+
Kxh5 27. Qf7+ Kh6 28. Qxf6+ Kh7 29. Nxg5+ Kg8 30. Qf7+ Kh8 31. Bd4+ 1-0

[Event "16. Torneo San Viator - Grupo B"]
[Site "Madrid ESP"]
[Date "2016.04.24"]
[Round "4.1"]
[White "Castro Uceda, Jose Antonio"]
[Black "Bellagamba, Pascal"]
[Result "0-1"]
[WhiteElo "1558"]
[BlackElo "1671"]
[PlyCount "96"]
[EventDate "2016.04.03"]
[EventType "swiss"]
[EventRounds "9"]
[EventCountry "ESP"]
[Source "lmi"]
[SourceDate "2016.04.03"]

1. d4 Nf6 2. c4 g6 3. Nc3 Bg7 4. Bg5 d6 5. h3 c6 6. e4 Qa5 7. Qd2 O-O 8. Bd3
Na6 9. a3 e5 10. d5 Qc7 11. b4 Nb8 12. Bh6 Nbd7 13. Bxg7 Kxg7 14. Qg5 a6 15. h4
Nh5 16. Be2 h6 17. Qe3 Ndf6 18. Bxh5 Nxh5 19. Qf3 f5 20. exf5 Bxf5 21. Qe3 Nf4
22. Qg3 Rae8 23. Rd1 Qe7 24. Nge2 Qf6 25. O-O Nh5 26. Qe3 Rd8 27. dxc6 bxc6 28.
Qa7+ Rf7 29. Qxa6 Bc8 30. Qxc6 Bb7 31. Qb6 Qxh4 32. Rxd6 Qg4 33. f3 Rxd6 34.
Qxd6 Qf5 35. c5 Rd7 36. Qb6 Rf7 37. c6 Qe6 38. b5 Nf6 39. Rd1 g5 40. Qc5 Ba8
41. Rd8 g4 42. Qf2 gxf3 43. Qg3+ Kh7 44. Qxf3 e4 45. Qe3 Qg4 46. Qg3 Qf5 47.
Rxa8 Ng4 48. c7 Qf1# 0-1

[Event "16. Torneo San Viator - Grupo B"]
[Site "Madrid ESP"]
[Date "2016.04.24"]
[Round "4.2"]
[White "Urbelz Perez, Ignacio"]
[Black "Llases Gonzalez, Luis"]
[Result "0-1"]
[WhiteElo "1513"]
[BlackElo "1614"]
[PlyCount "70"]
[EventDate "2016.04.03"]
[EventType "swiss"]
[EventRounds "9"]
[EventCountry "ESP"]
[Source "lmi"]
[SourceDate "2016.04.03"]

1. e4 e5 2. Nf3 Nc6 3. Bb5 a6 4. Ba4 b5 5. Bb3 Bc5 6. c3 Nf6 7. d4 exd4 8. e5
Ng8 9. O-O d3 10. Qxd3 Qe7 11. Re1 h6 12. h4 Bb7 13. Bd5 O-O-O 14. b4 Bb6 15.
a4 bxa4 16. Rxa4 d6 17. Qe4 Qd7 18. e6 Qe8 19. c4 Nf6 20. Qf5 fxe6 21. Bxe6+
Kb8 22. Bd5 Ne5 23. Nxe5 Qxa4 24. Nf7 Rde8 25. Rxe8+ Rxe8 26. Bxb7 Kxb7 27.
Qf3+ Qc6 28. Qxc6+ Kxc6 29. Bb2 Re1+ 30. Kh2 Rxb1 31. Bxf6 gxf6 32. Nxh6 Bxf2
33. Ng4 Bd4 34. h5 Rxb4 35. h6 Rb6 0-1

[Event "16. Torneo San Viator - Grupo B"]
[Site "Madrid ESP"]
[Date "2016.04.24"]
[Round "4.3"]
[White "Guerrero Gonzalez, Francisco"]
[Black "Hidalgo Prado, David"]
[Result "1-0"]
[WhiteElo "1699"]
[BlackElo "1578"]
[PlyCount "33"]
[EventDate "2016.04.03"]
[EventType "swiss"]
[EventRounds "9"]
[EventCountry "ESP"]
[Source "lmi"]
[SourceDate "2016.04.03"]

1. d4 d5 2. c4 c6 3. Nf3 e6 4. Qc2 Nf6 5. Bf4 dxc4 6. Qxc4 Nbd7 7. e3 Nb6 8.
Qc2 Nbd5 9. Bg3 Bb4+ 10. Nbd2 Be7 11. a3 h6 12. Bd3 Nh5 13. Be5 Bd6 14. Bg6 Ne7
15. Bxh5 Bxe5 16. Nxe5 g6 17. Be2 1-0